000
00306nam a22001337a 4500
008
180109b xxu||||| |||| 00| 0 eng d
020
_a
0849369177
041
_a
eng
080
_a
54
100
_a
13
101
_a
KIM
245
_a
CELLULAR ANTIOXIDANT DEFENSE MECHANISM
_c
CHOW.CH.K
942
_2
udc
_c
BK
999
_c
39863
_d
39863